| 000 | 00000nam 2200000zi 4500 |
| 001 | 9.947473 |
| 003 | CaOODSP |
| 005 | 20250128150922 |
| 006 | m o d f |
| 007 | cr mn||||||||| |
| 008 | 250128e199201 onc o f000 0 fre d |
| 020 | |z0662977327 |
| 040 | |aCaOODSP|bfre|erda|cCaOODSP |
| 043 | |an-cn--- |
| 086 | 1 |aZ1-1989/1-41-12F-PDF|zZ1-1989/1-41-12F |
| 245 | 00|aAnalyse des propositions sur le reĢseau routier national : |brapport final / |cpréparé par : ADI Limited. |
| 264 | 1|a[Ottawa] : |b[Commission royale sur le transport des voyageurs au Canada], |cjanvier 1992. |
| 264 | 4|c©1992 |
| 300 | |a1 ressource en ligne (1 volume (en pagination multiple)) |
| 336 | |atexte|btxt|2rdacontent/fre |
| 337 | |ainformatique|bc|2rdamedia/fre |
| 338 | |aressource en ligne|bcr|2rdacarrier/fre |
| 500 | |aPublié aussi en anglais sous le titre : Analysis of national highway system proposals : final report. |
| 500 | |a« Rapport rédigé pour la Division de la recherche, Commission royale sur le transport des voyageurs au Canada. » |
| 500 | |a« RR-12. » |
| 500 | |a« Projet n° 3207-1. » |
| 500 | |aÉdition numérisée de l'imprimée [par Direction des publications du gouvernement du Canada]. |
| 650 | 6|aRoutes|zCanada|xConception et construction. |
| 650 | 6|aRoutes|zCanada|xEntretien et réparations. |
| 650 | 6|aRoutes|xPlanification|zCanada. |
| 710 | 1 |aCanada. |bCommission royale sur le transport des voyageurs au Canada. |bDivision de la recherche, |eorganisme de publication. |
| 710 | 2 |aADI Limited, |econsultant. |
| 775 | 08|tAnalysis of national highway system proposals : |w(CaOODSP)9.947470 |
| 856 | 40|qPDF|s3.63 Mo|uhttps://publications.gc.ca/collections/collection_2025/bcp-pco/Z1-1989-1-41-12-fra.pdf |